01161nam a2200265 i 4500001000700000003000900007005001700016007000300033008004100036080001800077100005500095245012500150246009600275260004800371300002200419530003500441594004400476650005000520710003900570852002800609856008900637942000800726999001900734952014200753147581ES-MaACL20260202124807.0t|071003s1906 sp |||| | spa d a34(460):930.11 aUreña y Smenjaud, Rafael de, d1852-1930911212710aDiscurso leído en la solemne inauguración del curso académico de 1906 a 1907 / cpor Rafael de Ureña y Smenjaud.35aObservaciones acerca del desenvolvimiento de los estudios de historia del derecho español aMadrid : b[s.n.], c1906 (fImp. Colonial) a156 p. ; c27 cm. aDisponible en formato digital. aPrecede al tít.: Universidad Central. 4aDerecho-zEspaña-vHistoriografía.9116152 aUniversidad Central (Madrid)97084 aES-MaACLjF-10176cSPP24 uhttp://bdh-rd.bne.es/viewer.vm?id=0000097607&page=1 yBiblioteca Digital Hispánica 2udc c147581d147581 001040708Colección_digitalaATENEOMbATENEOMcSPP2d2008-01-17eSCl0oF-10176p1154016r2023-02-23 00:00:00w2023-02-23yMONOGRAFIA